Normal view
MARC view
- Sup: Dr. Iftikhar Ahmad Rana.
Entry Personal Name
001 - CONTROL NUMBER
- control field: 19796
003 - CONTROL NUMBER IDENTIFIER
- control field: NUST
005 - DATE AND TIME OF LATEST TRANSACTION
- control field: 20190901105917.0
008 - FIXED-LENGTH DATA ELEMENTS
- fixed length control field: 190901|| aca||aabn | a|a d
040 ## - CATALOGING SOURCE
- Original cataloging agency: NUST
- Transcribing agency: NUST
100 ## - HEADING--PERSONAL NAME
- Personal name: Sup: Dr. Iftikhar Ahmad Rana.
670 ## - SOURCE DATA FOUND
- Source citation: Work cat.: (NUST): Malik, Muhammad Bilal 19795, MPPT and Output Voltage Regulation of Cascaded Boost Converter for Hybrid Energy Storage System /, 2018.
